A szakszervezeti elképzelések a munkanélküliség kezelésére

Elmentve itt :
Bibliográfiai részletek
Szerző: Kenderesi Sz. Mihályné
További közreműködők: Dabis Erzsébet (Témavezető)
Dokumentumtípus: Szakdolgozat
Megjelent: 1996
Tárgyszavak:
Online Access:http://diploma.bibl.u-szeged.hu/23694
LEADER 00603nta a2200157 i 4500
001 dipl23694
005 20130314082158.0
008 110920s1996 hu om 0|| zxx d
040 |a SZTE Diploma Repozitórium  |b hun 
041 |a zxx 
100 1 |a Kenderesi Sz. Mihályné 
245 1 2 |a A szakszervezeti elképzelések a munkanélküliség kezelésére  |h [elektronikus dokumentum] /  |c Sz. Mihályné Kenderesi 
260 |c 1996 
650 4 |a Jogi és igazgatási tanulmányok 
700 1 |a Dabis Erzsébet  |e ths 
856 4 0 |u http://diploma.bibl.u-szeged.hu/id/eprint/23694/1/1996_kenderesi_sz_mihalyne.pdf  |z Dokumentum-elérés